<?xml version="1.0" encoding="UTF-8"?><?xml-stylesheet type="text/xsl" href="static/style.xsl"?><OAI-PMH xmlns="http://www.openarchives.org/OAI/2.0/" xmlns:xsi="http://www.w3.org/2001/XMLSchema-instance" xsi:schemaLocation="http://www.openarchives.org/OAI/2.0/ http://www.openarchives.org/OAI/2.0/OAI-PMH.xsd"><responseDate>2026-04-17T03:36:23Z</responseDate><request verb="GetRecord" identifier="oai:www.recercat.cat:2072/453905" metadataPrefix="marc">https://recercat.cat/oai/request</request><GetRecord><record><header><identifier>oai:recercat.cat:2072/453905</identifier><datestamp>2024-10-29T16:38:41Z</datestamp><setSpec>com_2072_98</setSpec><setSpec>col_2072_378196</setSpec></header><metadata><record xmlns="http://www.loc.gov/MARC21/slim" xmlns:dcterms="http://purl.org/dc/terms/" xmlns:xsi="http://www.w3.org/2001/XMLSchema-instance" xmlns:doc="http://www.lyncode.com/xoai" xsi:schemaLocation="http://www.loc.gov/MARC21/slim http://www.loc.gov/standards/marcxml/schema/MARC21slim.xsd">
   <leader>00925njm 22002777a 4500</leader>
   <datafield ind2=" " ind1=" " tag="042">
      <subfield code="a">dc</subfield>
   </datafield>
   <datafield ind2=" " ind1=" " tag="720">
      <subfield code="a">Padilla, Alexander</subfield>
      <subfield code="e">author</subfield>
   </datafield>
   <datafield ind2=" " ind1=" " tag="720">
      <subfield code="a">Universitat Autònoma de Barcelona. Departament de Comunicació Audiovisual i Publicitat</subfield>
      <subfield code="e">author</subfield>
   </datafield>
   <datafield ind2=" " ind1=" " tag="720">
      <subfield code="a">Universitat Autònoma de Barcelona. Facultat de Ciències de la Comunicació</subfield>
      <subfield code="e">author</subfield>
   </datafield>
   <datafield ind2=" " ind1=" " tag="260">
      <subfield code="c">2010</subfield>
   </datafield>
   <datafield ind2=" " ind1=" " tag="520">
      <subfield code="a">Treball Final de Màster Oficial de Publicitat i Relacions Públiques. Curs 2009-2010. Direcció: Dra. Elena Añaños</subfield>
   </datafield>
   <datafield ind2=" " ind1=" " tag="520">
      <subfield code="a">La evolución de la publicidad en internet en estos últimos años está siendo muy importante, sobretodo, debido a la aparición y puesta en marcha de los nuevos formatos publicitarios que permiten sorprender al usuario que navega por internet. Mediante esta investigación se pretende conocer si el internauta percibe o no publicidad mientras navega por Internet, en que tipo de páginas web lo percibe, el nivel de reactancia psicológica que esto le supone, y su reacción ante el tipo de publicidad que aparece antes de la visualización de un video, serie o programa de TV online</subfield>
   </datafield>
   <datafield ind2=" " ind1=" " tag="520">
      <subfield code="a">L'evolució de la publicitat a internet en aquests últims anys està sent molt important, sobretot, a causa de l'aparició i posada en marxa dels nous formats publicitaris que permeten sorprendre l'usuari que navega per Internet. Mitjançant aquesta investigació es pretén conèixer si l'internauta percep o no publicitat mentre navega per Internet, en quins tipus de pàgines web la percep, el nivell de reactància psicològica que això li suposa, i la seva reacció davant del tipus de publicitat que apareix abans de la visualització d'un video, sèrie o programa de TV online.</subfield>
   </datafield>
   <datafield ind2=" " ind1=" " tag="520">
      <subfield code="a">The evolution of Internet advertising has been very important in recent years, especially due to the emergence and implementation of new advertising formats that allow the user being surprised surfing the Internet. This research aims to determine if the internet advertising is perceived or not by the user while he/she is briwsing the Internet; in which websites is perceived; the level of psychological reactance this means, and his reaction to the type of advertising that appears before watching a video or TV series online.</subfield>
   </datafield>
   <datafield ind1="8" ind2=" " tag="024">
      <subfield code="a">http://hdl.handle.net/2072/453905</subfield>
   </datafield>
   <datafield tag="653" ind2=" " ind1=" ">
      <subfield code="a">Percepción</subfield>
   </datafield>
   <datafield tag="653" ind2=" " ind1=" ">
      <subfield code="a">Publicidad</subfield>
   </datafield>
   <datafield tag="653" ind2=" " ind1=" ">
      <subfield code="a">Internet</subfield>
   </datafield>
   <datafield tag="653" ind2=" " ind1=" ">
      <subfield code="a">Reactancia psicológica</subfield>
   </datafield>
   <datafield tag="653" ind2=" " ind1=" ">
      <subfield code="a">Percepció</subfield>
   </datafield>
   <datafield tag="653" ind2=" " ind1=" ">
      <subfield code="a">Publicitat</subfield>
   </datafield>
   <datafield tag="653" ind2=" " ind1=" ">
      <subfield code="a">Reactància psicològica</subfield>
   </datafield>
   <datafield tag="653" ind2=" " ind1=" ">
      <subfield code="a">Perception</subfield>
   </datafield>
   <datafield tag="653" ind2=" " ind1=" ">
      <subfield code="a">Advertising</subfield>
   </datafield>
   <datafield tag="653" ind2=" " ind1=" ">
      <subfield code="a">Psychological Reactance</subfield>
   </datafield>
   <datafield ind2="0" ind1="0" tag="245">
      <subfield code="a">La Publicidad en internet : procesamiento y reactancia psicológica entre los usuarios y consumidores de la red</subfield>
   </datafield>
</record></metadata></record></GetRecord></OAI-PMH>